Comunicación y sociedad / (Record no. 187731)
[ view plain ]
| 000 -LEADER | |
|---|---|
| campo de control de longitud fija | 00860nam a2200253 i 4500 |
| 001 - NÚMERO DE CONTROL | |
| campo de control | 187731 |
| 003 - IDENTIFICADOR DE NÚMERO DE CONTROL | |
| campo de control | ES-MaACL |
| 005 - FECHA Y HORA DE LA ÚLTIMA TRANSACCIÓN | |
| campo de control | 20230906223021.0 |
| 008 - DATOS DE LONGITUD FIJA--INFORMACIÓN GENERAL | |
| campo de control de longitud fija | 180205s1972 sp |||| | spa d |
| 100 1# - ENTRADA PRINCIPAL--NOMBRE DE PERSONA | |
| Nombre de persona | Hund, Wulf Dietmar. |
| 9 (RLIN) | 164198 |
| 245 10 - MENCIÓN DEL TÍTULO | |
| Título | Comunicación y sociedad / |
| Mención de responsabilidad, etc. | Wulf D. Hund ; [traducción de J.J. Acero, Jacobo Muñoz y J. Solana]. |
| 260 ## - PUBLICACIÓN, DISTRIBUCIÓN, ETC. | |
| Lugar de publicación, distribución, etc. | Barcelona : |
| Nombre del editor, distribuidor, etc. | Alberto Corazón, |
| Fecha de publicación, distribución, etc. | [1972] |
| 300 ## - DESCRIPCIÓN FÍSICA | |
| Extensión | 150 p. ; |
| Dimensiones | 21 cm. |
| 490 1# - MENCIÓN DE SERIE | |
| Mención de serie | Comunicación. Serie B ; |
| Designación de volumen o secuencia | 21 |
| 650 04 - PUNTO DE ACCESO ADICIONAL DE MATERIA--TÉRMINO DE MATERIA | |
| Término de materia o nombre geográfico como elemento de entrada | Comunicación- |
| Subdivisión general | Aspectos sociales. |
| 9 (RLIN) | 11189 |
| 650 04 - PUNTO DE ACCESO ADICIONAL DE MATERIA--TÉRMINO DE MATERIA | |
| Término de materia o nombre geográfico como elemento de entrada | Opinión pública. |
| 9 (RLIN) | 15720 |
| 650 #4 - PUNTO DE ACCESO ADICIONAL DE MATERIA--TÉRMINO DE MATERIA | |
| Término de materia o nombre geográfico como elemento de entrada | Sociolingüística. |
| 9 (RLIN) | 17193 |
| 700 1# - ENTRADA AGREGADA--NOMBRE PERSONAL | |
| Nombre de persona | Acero, Juan José, |
| Fechas asociadas al nombre | 1948- |
| 9 (RLIN) | 18225 |
| 700 1# - ENTRADA AGREGADA--NOMBRE PERSONAL | |
| Nombre de persona | Muñoz, Jacobo. |
| 9 (RLIN) | 137824 |
| 700 1# - ENTRADA AGREGADA--NOMBRE PERSONAL | |
| Nombre de persona | Solana, J. |
| 9 (RLIN) | 164199 |
| 830 0# - PUNTO DE ACCESO ADICIONAL DE SERIE-TÍTULO UNIFORME | |
| Título uniforme | Comunicación. Serie B ; |
| Designación de volumen o secuencia | 21 |
| 9 (RLIN) | 182533 |
| 852 ## - LOCALIZACIÓN | |
| Ubicación | ES-MaACL |
| Número de control de estantería | C-47901 |
| Estatus retirado | Estado de pérdida | Estado de daño | No para préstamo | Biblioteca de origen | Biblioteca actual | Ubicación en estantería | Fecha de adquisición | Fuente de adquisición | Total de préstamos | Signatura topográfica completa | Código de barras | Visto por última vez | Precio de reemplazo | Tipo de ítem Koha |
|---|---|---|---|---|---|---|---|---|---|---|---|---|---|---|
| Biblioteca del Ateneo de Madrid | Biblioteca del Ateneo de Madrid | Depósito 2 | 05/02/2018 | C-47901 | 1198321 | 23/02/2023 | 23/02/2023 | Libro impreso |
